Sommet par pays d'europe - Carte Quiz - Statistiques

Statistiques générales
  • Ce quiz a été pris 22 fois
  • Le résultat moyen est 8 sur 15
Réponses sur la Carte
Les réponses sont colorées sur une échelle allant du rouge au vert en fonction du pourcentage des utilisateurs qui les ont devinées à leur premier essai. Vous pouvez retrouver ces pourcentages ci-dessous.
 
Statistiques - réponses
Réponse % Correct
Moldoveanu
100%
Mont Blanc
100%
Mont Olympe
100%
Pic de Coma Pedrosa
91%
Colline du Vatican
89%
Elbrouz
83%
Signal de Botrange
83%
Monte Bianco
80%
Mont Korab (mk)
80%
Chemin des Révoires
71%
Hvannadalshnjúkur
71%
Mont Titano
67%
Ben Nevis
63%
Suur Munamägi
63%
Grossglockner
60%
Kneiff
60%
Ta' Dmejrek
57%
Triglav
57%
Carrauntuohil
50%
Djeravica
50%
Galdhøpiggen
50%
Mont Korab (al)
50%
Pointe Dufour
50%
Ponta do Pico
50%
Kebnekaise
43%
Kékes
43%
Maglić
43%
Mont Dzerjinski
43%
Gerlachovský štít
40%
Sniejka
40%
Vaalserberg
40%
Dealul Bălăneşti
38%
Halti
38%
Teide
33%
Zugspitze
33%
Grauspitz
29%
Rysy
29%
Hoverla
20%
Yding Skovhøj
20%
Dinara
17%
Midzor
14%
Gaiziņkalns
13%
Mousala
11%
Aukštojas
0%
Zla Kolata
0%
Aucun quiz correspondant
Distribution des résultats
% des personnes avec chaque résultat
Percentile par nombre de réponses
Votre historique - résultats
Vous n’avez pas pris ce quiz